Anuario Internacional CIDOB 2006 : (Record no. 24476)
[ view plain ]
| 000 -LEADER | |
|---|---|
| campo de control de longitud fija | 00993cam a2200301Mi 4500 |
| 001 - NÚMERO DE CONTROL | |
| campo de control | 48665 |
| 005 - FECHA Y HORA DE LA ÚLTIMA TRANSACCIÓN | |
| campo de control | 20230410103722.0 |
| 008 - DATOS DE LONGITUD FIJA--INFORMACIÓN GENERAL | |
| campo de control de longitud fija | 031229s2006 sp d 000 0 spa d |
| 035 ## - NÚMERO DE CONTROL DEL SISTEMA | |
| Número de control de sistema | (OCoLC)ocm54004891 |
| 040 ## - FUENTE DE CATALOGACIÓN | |
| Centro catalogador/agencia de origen | I5B |
| Lengua de catalogación | spa |
| Centro/agencia transcriptor | I5B |
| 029 0# - OTRO NÚMERO DE CONTROL DE SISTEMA (OCLC) | |
| Identificador de la biblioteca OCLC | I5B |
| Número de control de sistema | 196845 |
| 020 ## - NÚMERO INTERNACIONAL ESTÁNDAR DEL LIBRO | |
| Número Internacional Estándar del Libro | 9788487072833 |
| 035 ## - NÚMERO DE CONTROL DEL SISTEMA | |
| Número de control de sistema | (OCoLC)54004891 |
| 045 ## - PERIODO DE TIEMPO DEL CONTENIDO | |
| Código de periodo de tiempo | y0y0 |
| 049 ## - FONDOS LOCALES (OCLC) | |
| Biblioteca depositaria | GRAL |
| 050 14 - SIGNATURA TOPOGRÁFICA DE LA BIBLIOTECA DEL CONGRESO | |
| Número de clasificación | 315 DP 85 |
| Número de ítem | A636 2007 |
| 245 00 - MENCIÓN DEL TÍTULO | |
| Título | Anuario Internacional CIDOB 2006 : |
| Resto del título | claves para interpretar la política exterior española y las relaciones i nternacionales en 2006 / |
| Mención de responsabilidad, etc. | coordinación Francesc Fábregues. |
| 260 ## - PUBLICACIÓN, DISTRIBUCIÓN, ETC. | |
| Lugar de publicación, distribución, etc. | Barcelona : |
| Nombre del editor, distribuidor, etc. | Fundación CIDOB, |
| Fecha de publicación, distribución, etc. | 2007. |
| 300 ## - DESCRIPCIÓN FÍSICA | |
| Extensión | 566 p. : |
| Otras características físicas | ilus ; |
| Dimensiones | 27 cm. |
| 440 #0 - MENCIÓN DE SERIE/PUNTO DE ACCESO ADICIONAL--TÍTULO | |
| Título | Anuario Internacional Cidob |
| 653 ## - TÉRMINO DE INDIZACIÓN--NO CONTROLADO | |
| Término no controlado | Política internacional |
| 653 ## - TÉRMINO DE INDIZACIÓN--NO CONTROLADO | |
| Término no controlado | España |
| -- | Relaciones exteriores |
| 700 1# - ENTRADA AGREGADA--NOMBRE PERSONAL | |
| Nombre de persona | Fábregues, Francesc |
| Término indicativo de función/relación | coord. |
| 938 ## - | |
| -- | Iberbook International S.L. |
| -- | IBER |
| -- | 196845 |
| -- | EUR59.00 |
| 942 ## - ELEMENTOS DE ENTRADA SECUNDARIOS (KOHA) | |
| Fuente del sistema de clasificación o colocación | Clasificación de Library of Congress |
| Tipo de ítem Koha | |
| 994 ## - | |
| -- | C0 |
| -- | DRFGD |
| 946 ## - PROCESAMIENTO DE INFORMACIÓN LOCAL (OCLC) | |
| a | csexposito |
| Estatus retirado | Estado de pérdida | Fuente del sistema de clasificación o colocación | Estado de daño | No para préstamo | Colección | Biblioteca de origen | Biblioteca actual | Ubicación en estantería | Fecha de adquisición | Serial enumeration / chronology | Signatura topográfica completa | Código de barras | Visto por última vez | Copia número | Tipo de ítem Koha |
|---|---|---|---|---|---|---|---|---|---|---|---|---|---|---|---|
| Clasificación de Library of Congress | Recursos Regionales | Biblioteca Juan Bosch | Biblioteca Juan Bosch | Recursos Regionales (2do. Piso) | 10/04/2023 | 1 | 315 DP 85 A636 2007 | 00000049037 | 23/10/2018 | 1 |
